| 000 | nam a22 a 4500 | ||
|---|---|---|---|
| 999 |
_c396249 _d396249 |
||
| 003 | BLK | ||
| 005 | 20210128090335.0 | ||
| 008 | 210127b bu ||||| |||| 00| 0 bu d | ||
| 040 | _aBLK | ||
| 041 |
_aRUS _cRUS |
||
| 080 |
_aОбщи енциклопедии. Енциклопедични речници. Научни справочници. Отраслови енциклопедии и справочници се класират в съответните отдели с определител за форма _b030 _x(100) _z030(100) |
||
| 139 | _aБольшая советская энциклопедия | ||
| 245 |
_aБольшая советская энциклопедия _bВ 65 т : Т. 2 - _cглав. ред. О. Ю. Шмидт _nТ. 59 _pФранцоз-Хокусаи |
||
| 260 |
_9416529 _aМосква : _bСоветская Энциклопедия _c1926 - |
||
| 300 | _c26 см | ||
| 380 | _a0 | ||
| 650 | 7 |
_9154961 _aЕнциклопедии |
|
| 653 | 7 |
_9196304 _aсвят |
|
| 700 |
_9523 _aШмидт, Отто Юльевич _eглав. ред. |
||
| 760 |
_aБольшая советская энциклопедия _dМосква, 1935 _h432с. _oТ. 59 _tФранцоз-Хокусаи |
||
| 852 | _aЦб ІІ 894 | ||
| 942 |
_cKNG _n0 _s1 |
||
| 944 |
_aCR _c2021-01-28 _kГГГ |
||